|
|
|
|
| LEADER |
00000nam a2200000 a 4500 |
| 001 |
vtls001243910 |
| 003 |
SK-MaSNL |
| 005 |
20260301154726.0 |
| 008 |
250414s1992 xo 0 slo |
| 020 |
|
|
|a 8085419114
|q (brož.)
|
| 035 |
|
|
|a SNK000190924
|
| 040 |
|
|
|a SNK
|b slo
|c SNK
|e AACR2
|
| 041 |
0 |
|
|a slo
|
| 044 |
|
|
|a xo
|c SK
|
| 080 |
|
|
|a 621.822.6:658.114.4(085)"1992"
|2 1981
|
| 080 |
|
|
|a 658.114.4(085)"1992"
|2 1981
|
| 245 |
0 |
0 |
|a Valivé ložiská ZVL Žilina
|b Výrobný program ; Roman Hrabovec, Jaroslav Koch, Vlado Bača, Slavo Haľama
|
| 260 |
|
|
|a Žilina
|b ProArtDesign
|a S.l.
|b ZVL [vyd.]
|c 1992
|e Liptovský Mikuláš
|f TeLeM
|
| 300 |
|
|
|a 36 s.
|
| 500 |
|
|
|a Výrobný program. Tab. Sch. Kres. Fotogr.
|
| 500 |
|
|
|a Vyrába ZVL Žilina. Sprac. Roman Hrabovec, Jaroslav Koch. Fotogr. Vlado Bača. Obál. a graf. úpr. Slavo Haľama.
|
| 651 |
|
7 |
|a Žilina (Slovensko)
|2 SNK
|9 28812
|
| 700 |
1 |
|
|a Hrabovec, Roman
|4 oth
|9 284701
|
| 700 |
1 |
|
|a Koch, Jaroslav
|4 oth
|9 284702
|
| 700 |
1 |
|
|a Bača, Vlado,
|d 1948-
|4 oth
|9 42661
|
| 700 |
1 |
|
|a Haľama, Slavo
|4 oth
|9 9535
|
| 852 |
|
|
|a Slovenská národná knižnica
|
| 919 |
|
|
|a 80-85419-11-4
|
| 954 |
|
|
|a ložiská valivé
|a ZVL, Žilina
|
| 958 |
|
|
|a FVP
|
| 958 |
|
|
|a BQ
|
| 958 |
|
|
|a TL
|
| 999 |
|
|
|c 797948
|d 799878
|
| 952 |
|
|
|t P60, <04>, [BOOK], {604}
|a SNK
|b SNK
|y VYP
|7 0
|p 17A0093637
|o snkOSC 15164 D1
|0 0
|1 0
|4 0
|d 1997-09-08
|l 0
|r 2005-01-01 00:00:00
|w 2026-02-24
|